000 00504nam a2200181Ia 4500
005 20250508160400.0
008 008 250505s9999 xx 000 0 eng d
037 _aTextual
040 _aFEDL
_beng
_cFEDL
041 _aeng
_2eng
084 _a540, NUF
_qFEDL
245 0 _aSample scheme stages 1 and 2: The basic course
260 _aHarmondsworth
_bPenguin Book Ltd
_c1971
300 _a474p.
490 _aNuffield chemistry
942 _cTEXL
_h540, NUF
999 _c1364245
_d1364245